| Registos Bibliográficos associados ao registo de autoridade |
|
Etiqueta de registo: 00254nam 2200025 450 001 2289133 003 http://id.bnportugal.gov.pt/bib/catbnp/2289133 010 ## $a978-989-589-604-2 021 ## $aPT$b557972/25 100 ## $a20260629d2026 m y0pory01030103ba 101 1# $apor$beng$cjpn 102 ## $aPT 105 ## $ay z 000yy 106 ## $ar 200 1# $aEngrenagens em movimento$fRyÅunosuke Akutagawa$gtrad. Virgílio Tenreiro Viseu 205 ## $a1ª ed 210 #9 $aLisboa$cPenguin Clássicos,$d2026 215 ## $a63, [1] p.$d16 cm 225 2# $aLittle black classics$v8 304 ## $aTít. em inglês: Spinning gears 700 #1 $aRyÅunosuke,$bAkutagawa,$f1892-1927$31078996 702 #1 $aViseu,$bVirgílio Tenreiro$4730$31209200 801 #0 $aPT$bBN$gRPC 966 ## $lBN$mFGMON$x1 966 ## $lBN$mFGMON$x1 971 ## $cssilva$d20260629
|
|
|